书目信息 |
| 题名: |
结构力学
|
|
| 作者: | 李廉锟 主编 | |
| 分册: | 上册 | |
| 出版信息: | 高教 2004.07 |
|
| 页数: | 371页 | |
| 开本: | 24cm | |
| 丛书名: | ||
| 单 册: | ||
| 中图分类: | O342 | |
| 科图分类: | ||
| 主题词: | 固体力学 | |
| 电子资源: | ||
| ISBN: | 978-7-04-014478-9 | |
| 000 | 00640nam0 2200241 45 | |
| 001 | 0947563040 | |
| 005 | 20091101105838.93 | |
| 010 | @a978-7-04-014478-9@dCNY28.10 | |
| 100 | @a20090515d2004 ekmy0 y0120 ea | |
| 102 | @aCN@b130000 | |
| 102 | @aCN@b110000 | |
| 105 | @ay z 000yy | |
| 200 | 1 | @a结构力学@Ajie gou li xue@h上册@f李廉锟主编@Fli lian kun zhu bian |
| 205 | @a4版 | |
| 210 | @c高教@d2004.07 | |
| 210 | @a北京@c高等教育出版社 | |
| 215 | @a371页@d24cm | |
| 606 | 0 | @a固体力学 |
| 690 | @aO342@v4 | |
| 701 | 0 | @a李廉锟@Ali lian kun@4主编 |
| 801 | 0 | @aCN@c20091101 |
| 905 | @a10447@dO342@eL2001=4:1 | |
| 906 | @d28@n3@r1 | |
| 结构力学.上册/李廉锟主编.-4版.-高教,2004.07.-北京:高等教育出版社 |
| 371页;24cm |
| ISBN 978-7-04-014478-9:CNY28.10 |
| ● |
| 相关链接 |
|
|
|
正题名:结构力学
索取号:O342/L2001=4:1
 
预约/预借
| 序号 | 登录号 | 条形码 | 馆藏地/架位号 | 状态 | 备注 |
| 1 | 659130 | 206591302 | 自科库401/401自科库 52排3列4层/ [索取号:O342/L2001=4:1] | 在馆 | |
| 2 | 659131 | 206591311 | 自科库401/401自科库 52排3列4层/ [索取号:O342/L2001=4:1] | 在馆 | |
| 3 | 659132 | 206591320 | 自科库401/401自科库 52排3列4层/ [索取号:O342/L2001=4:1] | 在馆 |